01916nam a2200241Ia 4500001000600000003000900006008004100015040001300056040001300069041001300082100002000095100002900115245001600144245001600160250001100176260001100187260001500198260004900213300005700262500129400319650003001613650003101643H4735IT-RoPAU130308s9999 xx 000 0 und d aIT-RoPAU cIT-RoPAU aITALIANO aAlbera Francois gCodice Aut. SPICS: 10031 aAvanguardie bAvanguardie a1a ed. aMILANO bIl Castoro c2004 [1° Ed.:2004 - Ed.Ling.Originale:2004] a"176 p. (prefazione: no ; testo: 176 [pagine: 0-0])" a"Introduzione. Problematiche. che Cos'E' Avanguardia: Origine della Nozione; Primo Senso Avanguardia Artistica; Campointellettuale, Letterario, Artistico; figure Autonomia Arte; Modificazione Campo Letterario e Artistico; Dalparnasse a la Revue Blanche; Politicizzazione del Campo; Intanto in Unionesovietica; ritorno All'Ordine. Cinema: Nascita del Cinema, Contesto. Avanguardia e Cinema: Avanguardie e Cinema; Intrusione degli Apparecchi; Pitturaanimata; Rigadin, peintre Cubiste; Modernità del Cinematografo; riconoscere Cinema, Paradosso; è Indispenzabile; Cinema D'Avanguardia; ruolo delle Avanguardie; Man Ray, Frammentazione del Film; Ballet mecanique di Fernand Leger; Entr'Acte, Offensiva e Primitivismo; Avanguardia, Film Puro, Assoluto; tentativo senza Futuro, Futurismo; Avanguardia e Avanguardismo. Fine o superamento Avanguardia: Avanguardia e Cinema Documentario; Secolarizzazioneo Continuità Avanguardia. Il Punto. goccia di Sangue: Storiografia Avanguardia al Cinema; rinnovamento Problematiche; Approccio Generale e Approcciomonografico. Riscontri. Majakovskij e Cinema: Cinematografo, Legislatore di una moda Estetica; Cinematografo nella Letteratura. Cinema d'avanguardia Visto da L'Humanite'. Robert Desnos Cinema d'avanguardia Visto da Documents. Bibliografia." aTEORICHE CINEMATOGRAFICHE eCodice materia Spics: 6805